Niños con dificultades para las matemáticas

Αποθηκεύτηκε σε:
Λεπτομέρειες βιβλιογραφικής εγγραφής
Κύριοι συγγραφείς: Fernández Baroja, María Fernanda (Συγγραφέας), Llopis Paret, Ana María (Συγγραφέας), Pablo de Riesco, Carmen (Συγγραφέας)
Μορφή: Βιβλίο
Γλώσσα:Ισπανικά
Έκδοση: Madrid Ciencias de la Educación Preescolar y Especial 1991
Σειρά:Colección Educación Especial, 15
Θέματα:
Ετικέτες: Προσθήκη ετικέτας
Δεν υπάρχουν, Καταχωρήστε ετικέτα πρώτοι!

MARC

LEADER 00000nam a2200000 a 4500
001 UCO6601
003 CL-VaPUC
008 001027e19910000SP |||||||||||||||||spa|d
020 |a 8485252519 
082 0 4 |a 371.92  |b FER  |2 21 
100 0 |a Fernández Baroja, María Fernanda  |e author  |9 451371 
700 0 |a Llopis Paret, Ana María  |e author  |9 451372 
700 0 |a Pablo de Riesco, Carmen  |e author  |9 451373 
245 1 0 |a Niños con dificultades para las matemáticas 
300 |a 168 p 
942 |c BK 
945 |d 20001027 00:00:00  |a vberengu 
260 |a Madrid  |b Ciencias de la Educación Preescolar y Especial  |c 1991 
650 0 |a Educación especial  |9 307486 
650 7 |a ENSEÑANZA CORRECTIVA  |2 CL-VaPUC  |9 310280 
650 0 |a Matemáticas  |x Enseñanza  |9 875527 
650 0 |a Métodos de enseñanza  |9 270413 
650 0 |a Trastornos del aprendizaje  |9 307969 
583 |a last modification  |c 20001027 00:00:00  |k Rodrigo Vera 
490 0 |a Colección Educación Especial, 15 
999 |c 292083  |d 292081 
952 |0 0  |1 0  |4 0  |6 371_920000000000000_FER_1991  |7 0  |8 R  |9 342641  |a BIBEDU  |b BIBEDU  |c MCIRC  |d 2019-11-20  |i 3660699  |o 371.92 FER 1991  |p 3660699  |r 2023-01-13  |w 2019-11-20  |y BK_R  |k BME 
952 |0 0  |1 0  |4 0  |6 371_920000000000000_FER_1991  |7 0  |8 R  |9 342642  |a BIBEDU  |b BIBEDU  |c MCIRC  |d 2019-11-20  |i 4767594  |o 371.92 FER 1991  |p 4767594  |r 2023-01-13  |w 2019-11-20  |y BK_R  |k EPE